What's Bigger? #2 - Statistics

General Stats
  • This quiz has been taken 38,684 times
  • The average score is 11 of 15
Answer Stats
Question Answer % Correct
An emu or a goose Emu
94%
The population of India today or the population of the entire world 1,000 years ago India today
93%
An average adult human or a newborn blue whale Newborn blue whale
92%
The Atlantic Ocean or the Pacific Ocean Pacific Ocean
91%
The biggest insect or the smallest bird Biggest insect
90%
Iran or Iraq Iran
89%
The largest iceberg ever recorded or Manhattan Iceberg
85%
A dachshund or a dalmatian Dalmatian
81%
Neptune or Venus Neptune
80%
The population of Detroit or the capacity of the world's largest stadium Detroit
68%
The combined weight of all the motor vehicles in the world or the weight of all the people All the motor vehicles
66%
A croquet ball or a tennis ball Croquet ball
66%
Sudan or Texas Sudan
54%
An average newborn baby or the biggest diamond ever found Baby
46%
The heaviest gorilla ever or the heaviest person ever Heaviest person
39%
No matching quizzes found
Score Distribution
Percent of People with Each Score
Percentile by Number Answered
Your Score History
You have not taken this quiz